| 000 | 00771cab a2200241 4500 | ||
|---|---|---|---|
| 001 | WB3415-33 | ||
| 008 | 090401t1998 xxu||||| |||| 00| 0 eng d | ||
| 035 | _a(Sirsi) u85715 | ||
| 041 | _aeng | ||
| 245 | _aHospital buildings demand | ||
| 260 | _c1998 | ||
| 350 | _a0 | ||
| 490 |
_aSunday Business _v19 April 1998, 26(2) |
||
| 520 | _aRedundant hospital buildings are in demand by developers for residential use, because of their character. NHS Estates has 102 sites throughout England in the current "Surplus Property Portfolio". | ||
| 650 | _aHOSPITAL BUILDINGS | ||
| 650 | _aMENTAL ASYLUMS | ||
| 650 | _aNHS ESTATES | ||
| 650 | _aREDUNDANT BUILDINGS | ||
| 650 | _aRESIDENTIAL USE | ||
| 690 | _aHOUSING-DEVELOPMENT | ||
| 942 | _n0 | ||
| 948 | _c21/04/1998 | ||
| 999 |
_c53919 _d53919 |
||